000 00522nam a2200181 4500
003 LK-CoMWRAF
005 20230903070851.0
008 230903b2009 |||||||| |||| 00| 0 eng d
020 _a9789556650433
040 _aLK-CoMWRAF
_dLK-CoMWRAF
_eLK-CoMWRAF
041 _aeng
082 _a823
_bDUR
100 _aDuraiswamy, Sivanandini
245 _aMoments in culture ( a miscellany of short stories and memoirs)
260 _aColombo :
_bVijitha yapa publications
_c2009
650 _aShort stories - English
942 _cBK
999 _c3384
_d3384